000 00290nam a2200109Ia 4500
008 200302s9999 xx 000 0 und d
100 _aAustin Williams and Other
245 _aThe Lure of the City From Slums to Suburbs
260 _bPluto Press Published
260 _c2011
300 _a207 P.,
999 _c5419
_d5419